书目信息 |
| 题名: |
快乐的科学
|
|
| 作者: | 尼采 , Nietzsche 著 ;黄明嘉 译 | |
| 分册: | ||
| 出版信息: | 上海 华东师范大学出版社 2007 |
|
| 页数: | 418页 | |
| 开本: | 21cm | |
| 丛书名: | 西方传统 经典与解释 | |
| 单 册: | ||
| 中图分类: | B516.47 | |
| 科图分类: | ||
| 主题词: | 哲学思想--德国--近代 , 哲学思想 | |
| 电子资源: | ||
| ISBN: | 9787561747872 | |
| 000 | 01050oam2 2200301 450 | |
| 001 | 012007220879 | |
| 005 | 20070516171111.68 | |
| 010 | @a9787561747872@dCNY29.80 | |
| 100 | @a20070426d2007 km y0chiy0120 ea | |
| 101 | 1 | @achi@cger |
| 102 | @aCN@b310000 | |
| 105 | @ay z 000yy | |
| 106 | @ar | |
| 200 | 1 | @a快乐的科学@Akuai le de ke xue@f尼采著@Fni cai zhu@g黄明嘉译@Ghuang ming jia yi |
| 210 | @a上海@c华东师范大学出版社@d2007 | |
| 215 | @a418页@d21cm | |
| 225 | 2 | @a西方传统 经典与解释 |
| 330 | @a本书以断想式的体例和格言式的语言点击西方文明,穿射陈规腐见的迷障,展示了一个极富雄健力度的思想世界。本书增加了德语本的注释与法文本的注释。 | |
| 461 | 0 | @12001 @a西方传统 经典与解释 |
| 510 | 1 | @aDie frohliche wissenschaft@zeng |
| 606 | 0 | @a哲学思想@y德国@z近代 |
| 606 | 0 | @a哲学思想 |
| 690 | @aB516.47@v4 | |
| 701 | 1 | @c(德)@a尼采@Ani cai@bF.W.@f(1844~1900)@4著 |
| 701 | 0 | @c(德)@aNietzsche@bF.W.@f(1844~1900) |
| 702 | 0 | @a黄明嘉@Ahuang ming jia@f(1941.12~)@4译 |
| 801 | 0 | @aCN@bRULIN@c20070516 |
| 905 | @dB516.47@e119@s5 | |
| 快乐的科学/尼采著/黄明嘉译.-上海:华东师范大学出版社,2007 |
| 418页;21cm.-(西方传统 经典与解释) |
| ISBN 9787561747872:CNY29.80 |
| 本书以断想式的体例和格言式的语言点击西方文明,穿射陈规腐见的迷障,展示了一个极富雄健力度的思想世界。本书增加了德语本的注释与法文本的注释。 |
| ● |
| 相关链接 |
|
|
|
|
正题名:快乐的科学
索取号:B516.47/119
 
预约/预借
| 序号 | 登录号 | 条形码 | 馆藏地/架位号 | 状态 | 备注 |
| 1 | 0571484 | 205714841 | 第一样本阅览室/ [索取号:B516.47/119] | 在馆 | |
| 2 | 0571485 | 205714850 | 教育系资料室/ [索取号:B516.47/119] | 在馆 | |
| 3 | 0571486 | 205714869 | 教育系资料室/ [索取号:B516.47/119] | 在馆 | |
| 4 | 0571487 | 205714878 | 第一借阅区/ [索取号:B516.47/119] | 在馆 | |
| 5 | 0571488 | 205714887 | 第一借阅区/ [索取号:B516.47/119] | 在馆 |